[Event "CCOL10 fin-01 8893"]
[Site "CCOL10 fin-01 8893"]
[Date "1988.??.??"]
[Round "?"]
[White "Palm, Hans"]
[Black "Penrose, Jonathan"]
[Result "1/2-1/2"]
[WhiteElo "2535"]
[BlackElo "2710"]
[PlyCount "60"]
[EventDate "1988.??.??"]
[Source "www.chesslib.no"]
[SourceDate "2004.05.04"]

1. d4 d5 2. c4 dxc4 3. Nf3 a6 4. e3 e6 5. Bxc4 c5 6. O-O Nf6 7. Qe2 b5 8. Bd3 cxd4 9. exd4 Be7 10. Bg5 Bb7 11. Nc3 O-O 12. Rad1 Nbd7 13. Rfe1 Re8 14. Ne5 Nf8 15. Bxf6 Bxf6 16. Ne4 Bxe4 17. Bxe4 Rc8 18. Bb7 Rb8 19. Bc6 Re7 20. Ng4 Bxd4 21. Qe4 f5 22. Qxd4 Qxd4 23. Rxd4 fxg4 24. Rxg4 Rc7 25. Be4 Rd8 26. Rg3 Rd2 27. Ra3 Re2 28. Kf1 Rxb2 29. Rxa6 Rd7 30. a4 bxa4 1/2-1/2

[Event "Corsica Masters rap 6th"]
[Site "?"]
[Date "2002.11.01"]
[Round "1.2"]
[White "Mikhalevski Victor"]
[Black "Shirov Alexei D"]
[Result "0-1"]
[WhiteElo "2524"]
[BlackElo "2699"]
[PlyCount "81"]
[EventDate "2002.??.??"]
[Source "www.chesslib.no"]
[SourceDate "2004.05.04"]

1. d4 d5 2. c4 dxc4 3. e3 Nf6 4. Bxc4 e6 5. Nf3 c5 6. O-O a6 7. Qe2 b5 8. Bd3 Bb7 9. dxc5 Nc6 10. Rd1 Qc7 11. a4 b4 12. Nbd2 Bxc5 13. Nb3 Be7 14. e4 O-O 15. Bg5 Ne5 16. Rac1 Nxf3+ 17. Qxf3 Qb8 18. Na5 h6 19. Bf4 e5 20. Bg3 Bd6 21. Bb1 Ra7 22. Qe3 Ne8 23. Rxd6 Nxd6 24. Bxe5 Rd8 25. Qg3 f6 26. Bxf6 Bxe4 27. Be5 Bxb1 28. Rxb1 Rc7 29. Rd1 Nf5 30. Qb3+ Kh8 31. Nc6 Rxd1+ 32. Qxd1 Qe8 33. Bxc7 Qxc6 34. Be5 Qe4 35. Bg3 b3 36. h3 Nxg3 37. fxg3 Qxa4 38. Qd8+ Kh7 39. Qd3+ Kg8 40. Kh2 a5 41. Qd5+ 0-1

[Event "SSKK Bulletinen 40 years"]
[Site "SSKK Bulletinen 40 years"]
[Date "1994.??.??"]
[Round "?"]
[White "Joffe, Manne"]
[Black "Johnson, Maurice W"]
[Result "1/2-1/2"]
[WhiteElo "2660"]
[BlackElo "2560"]
[PlyCount "80"]
[EventDate "1994.??.??"]
[Source "www.chesslib.no"]
[SourceDate "2004.05.04"]

1. d4 d5 2. c4 dxc4 3. Nf3 a6 4. e3 e6 5. Bxc4 c5 6. O-O Nf6 7. Qe2 b5 8. Bd3 cxd4 9. exd4 Be7 10. Nc3 Bb7 11. Bg5 O-O 12. Rfd1 Nbd7 13. a3 Nb6 14. Rac1 Nbd5 15. Ne4 Nxe4 16. Qxe4 g6 17. Bh6 Re8 18. Ne5 Bf6 19. Rd2 Qe7 20. Qf3 Rac8 21. Re1 Rc7 22. Qe2 Rec8 23. h3 Bg7 24. Be3 Qd6 25. Nf3 Nxe3 26. fxe3 f5 27. Qf2 Rd8 28. Red1 f4 29. Bb1 fxe3 30. Qxe3 Bxf3 31. Qxf3 Kh8 32. Ba2 e5 33. d5 Rdc8 34. Bb3 Rc1 35. Rxc1 Rxc1+ 36. Rd1 Rxd1+ 37. Bxd1 e4 38. Qxe4 Bxb2 39. a4 b4 40. Qf3 Kg7 1/2-1/2

[Event "Bastia"]
[Site "?"]
[Date "2002.11.01"]
[Round "1.2"]
[White "Mikhailevsky Victor"]
[Black "Shirov Alexei D"]
[Result "0-1"]
[WhiteElo "2520"]
[BlackElo "2699"]
[PlyCount "44"]
[EventDate "2002.??.??"]
[Source "www.chesslib.no"]
[SourceDate "2004.05.04"]

1. d4 d5 2. c4 dxc4 3. e3 Nf6 4. Bxc4 e6 5. Nf3 c5 6. O-O a6 7. Qe2 b5 8. Bd3 Bb7 9. dxc5 Nc6 10. Rd1 Qc7 11. a4 b4 12. Nbd2 Bxc5 13. Nb3 Be7 14. e4 O-O 15. Bg5 Ne5 16. Rac1 Nxf3+ 17. Qxf3 Qb8 18. Na5 h6 19. Bf4 e5 20. Bg3 Bd6 21. Bb1 Ra7 22. Qe3 Ne8 0-1

[Event "JUG-chT"]
[Site "Novi Sad"]
[Date "2000.08.29"]
[Round "6"]
[White "Neverov, Valeriy"]
[Black "Zontakh, Andrey"]
[Result "1/2-1/2"]
[WhiteElo "2547"]
[BlackElo "2578"]
[PlyCount "35"]
[EventDate "2000.08.24"]
[Source "www.chesslib.no"]
[SourceDate "2004.05.04"]

1. d4 d5 2. c4 dxc4 3. Nf3 Nf6 4. e3 e6 5. Bxc4 c5 6. O-O a6 7. Qe2 b5 8. Bd3 cxd4 9. exd4 Be7 10. a4 bxa4 11. Rxa4 Bb7 12. Nc3 O-O 13. Bg5 Nc6 14. Rd1 a5 15. Bxf6 Bxf6 16. d5 exd5 17. Nxd5 g6 18. Bc4 1/2-1/2

[Event "Australian Open, Canberra AUS"]
[Site "?"]
[Date "2001.??.??"]
[Round "11"]
[White "Rogers, I."]
[Black "Volzhin, A."]
[Result "1/2-1/2"]
[WhiteElo "2555"]
[BlackElo "2555"]
[PlyCount "29"]
[EventDate "2001.??.??"]
[Source "www.chesslib.no"]
[SourceDate "2004.05.04"]

1. d4 d5 2. c4 dxc4 3. Nf3 a6 4. e3 e6 5. Bxc4 c5 6. O-O Nf6 7. Qe2 b5 8. Bd3 cxd4 9. exd4 Be7 10. a4 bxa4 11. Nc3 O-O 12. Rxa4 Bb7 13. Rd1 a5 14. Bg5 Na6 15. Bxf6 1/2-1/2

[Event "Capablanca mem Elite 33rd"]
[Site "Havana"]
[Date "1998.05.14"]
[Round "6"]
[White "Agdestein, Simen"]
[Black "Arencibia, Walter"]
[Result "1/2-1/2"]
[WhiteElo "2570"]
[BlackElo "2535"]
[PlyCount "138"]
[EventDate "1998.05.07"]
[Source "ChessBase"]
[SourceDate "1998.08.06"]

1. d4 d5 2. c4 dxc4 3. Nf3 e6 4. e3 Nf6 5. Bxc4 c5 6. O-O a6 7. Qe2 b5 8. Bd3 Nbd7 9. a4 b4 10. Nbd2 Be7 11. Nb3 Bb7 12. a5 O-O 13. e4 cxd4 14. Nfxd4 Ne5 15. Bb1 Rc8 16. Kh1 Qc7 17. f4 Ng6 18. Bd3 e5 19. fxe5 Qxe5 20. Rf5 Qb8 21. e5 Nd5 22. Bd2 Rce8 23. Qh5 Nc7 24. Re1 Qa8 25. Rf2 Ne6 26. Nf5 Bxg2+ 27. Kg1 Bc5 28. Nxc5 Nxc5 29. Bb1 Be4 30. Bxb4 Bxb1 31. Bxc5 Bxf5 32. Qxf5 Ne7 33. Qd7 Qc6 34. Qxc6 Nxc6 35. b4 Re6 36. Bxf8 Kxf8 37. Re4 Nxe5 38. Kf1 Ke7 39. Rc2 f5 40. Rd4 Kf6 41. h3 g5 42. Rd5 g4 43. b5 gxh3 44. Rcc5 h2 45. Kg2 Ng4 46. Rxf5+ Ke7 47. Rh5 axb5 48. Rxh7+ Kd6 49. Rxb5 Re1 50. Rbh5 Ra1 51. Kg3 Nf6 52. R7h6 Ke7 53. Re5+ Kd6 54. Reh5 Ke7 55. Rxh2 Rxa5 56. Rb2 Rf5 57. Rb6 Kf7 58. Rb7+ Ke6 59. Rh4 Nh5+ 60. Kg2 Nf4+ 61. Kh2 Nd5 62. Rb5 Nf6 63. Rxf5 Kxf5 64. Kg3 Ne4+ 65. Kf3 Ng5+ 66. Ke3 Ne6 67. Ra4 Ke5 68. Ra5+ Kd6 69. Ke4 Nc5+ 1/2-1/2

[Event "Chigorin mem"]
[Site "St Petersburg"]
[Date "1999.11.04"]
[Round "3"]
[White "Kruppa, Yuri"]
[Black "Vaulin, Alexander"]
[Result "1/2-1/2"]
[WhiteElo "2603"]
[BlackElo "2492"]
[PlyCount "33"]
[EventDate "1999.11.02"]
[Source "ChessBase"]
[SourceDate "2000.02.01"]

1. d4 d5 2. c4 dxc4 3. Nf3 a6 4. e3 e6 5. Bxc4 c5 6. O-O Nf6 7. Qe2 b5 8. Bd3 Nbd7 9. a4 bxa4 10. Rxa4 cxd4 11. exd4 Be7 12. Nc3 h5 13. Ne5 Bb7 14. Bb5 O-O 15. Nc6 Bxc6 16. Bxc6 Nb6 17. Ra1 1/2-1/2

[Event "RUS-ch"]
[Site "Elista"]
[Date "1996.??.??"]
[Round "6"]
[White "Rashkovsky, Nukhim N"]
[Black "Makarov, Marat"]
[Result "1/2-1/2"]
[WhiteElo "2530"]
[BlackElo "2560"]
[PlyCount "29"]
[EventDate "1996.10.15"]
[Source "ChessBase"]

1. d4 d5 2. Nf3 e6 3. e3 Nf6 4. c4 dxc4 5. Bxc4 c5 6. O-O a6 7. Qe2 b5 8. Bd3 cxd4 9. exd4 Be7 10. a4 bxa4 11. Nc3 O-O 12. Rxa4 Bb7 13. Bd2 Nc6 14. Ne4 Qb6 15. Nxf6+ 1/2-1/2

[Event "Yerevan zt"]
[Site "Yerevan"]
[Date "1982.??.??"]
[Round "11"]
[White "Giorgadze, Tamaz"]
[Black "Kupreichik, Viktor D"]
[Result "0-1"]
[WhiteElo "2500"]
[BlackElo "2570"]
[PlyCount "80"]
[EventDate "1982.02.??"]
[Source "ChessBase"]

1. d4 d5 2. c4 dxc4 3. Nf3 a6 4. e3 e6 5. Bxc4 c5 6. O-O Nf6 7. Qe2 b5 8. Bd3 cxd4 9. exd4 Be7 10. Nc3 Nc6 11. Rd1 Nb4 12. Bb1 Bb7 13. Ne5 Rc8 14. Bg5 O-O 15. a3 Nbd5 16. Rd3 Nxc3 17. bxc3 Nd5 18. Bd2 g6 19. Rh3 Bg5 20. Be4 Rc7 21. Rf1 Bxd2 22. Qxd2 f6 23. Nd3 Qd6 24. Rg3 f5 25. Bxd5 Bxd5 26. Ne5 f4 27. Rg4 f3 28. gxf3 Qxa3 29. h4 Rf5 30. Qh6 Rg7 31. Qe3 Rc7 32. c4 Qxe3 33. fxe3 Bxc4 34. Ra1 b4 35. Nxc4 Rxc4 36. Rxa6 Rb5 37. Rg5 Rb8 38. Rc5 b3 39. Ra1 b2 40. Rb1 Ra4 0-1

[Event "Leon"]
[Site "Leon"]
[Date "1992.??.??"]
[Round "4"]
[White "Franco Ocampos, Zenon"]
[Black "Tukmakov, Vladimir B"]
[Result "1-0"]
[WhiteElo "2520"]
[BlackElo "2535"]
[PlyCount "39"]
[EventDate "1992.04.??"]
[Source "ChessBase"]

1. c4 e6 2. Nf3 Nf6 3. d4 d5 4. e3 dxc4 5. Bxc4 a6 6. O-O c5 7. Qe2 b5 8. Bd3 Bb7 9. dxc5 Nc6 10. a4 b4 11. Rd1 Nd7 12. b3 Nxc5 13. Bb2 Qc7 14. Nbd2 Nxd3 15. Qxd3 Rd8 16. Qc2 Rd5 17. Ne4 f5 18. Rxd5 fxe4 19. Qxe4 Ne7 20. Rc5 1-0

[Event "Rostock 10th"]
[Site "Rostock"]
[Date "1984.??.??"]
[Round "?"]
[White "Knaak, Rainer"]
[Black "Chekhov, Valery A"]
[Result "1/2-1/2"]
[WhiteElo "2530"]
[BlackElo "2520"]
[PlyCount "26"]
[EventDate "1984.08.??"]
[Source "ChessBase"]

1. d4 d5 2. c4 dxc4 3. Nf3 a6 4. e3 Nf6 5. Bxc4 e6 6. O-O c5 7. Qe2 b5 8. Bd3 cxd4 9. exd4 Nc6 10. Bg5 Be7 11. Rd1 Bb7 12. Nc3 O-O 13. a4 Nb4 1/2-1/2

[Event "Yerevan"]
[Site "Yerevan"]
[Date "1982.??.??"]
[Round "9"]
[White "Lputian, Smbat G"]
[Black "Tal, Mihail"]
[Result "0-1"]
[WhiteElo "2440"]
[BlackElo "2605"]
[PlyCount "52"]
[EventDate "1982.??.??"]
[Source "ChessBase"]

1. d4 d5 2. c4 dxc4 3. Nf3 Nf6 4. e3 e6 5. Bxc4 c5 6. O-O a6 7. Qe2 b5 8. Bd3 cxd4 9. exd4 Bb7 10. a4 bxa4 11. Nc3 Nc6 12. Bg5 Be7 13. Rxa4 O-O 14. Rd1 a5 15. d5 Nxd5 16. Rh4 g6 17. Ne4 Nd4 18. Nxd4 Bxg5 19. Nxg5 Qxg5 20. Nf3 Qf6 21. Rd4 Rfd8 22. Qe5 Qxe5 23. Nxe5 f6 24. Nc4 e5 25. Rxd5 Bxd5 26. Nb6 Bb3 0-1

[Event "European Club Cup 2002"]
[Site "?"]
[Date "2002.09.27"]
[Round "6.72"]
[White "Kruppa Yuri"]
[Black "Marjanovic Slavoljub"]
[Result "1-0"]
[WhiteElo "2544"]
[BlackElo "2485"]
[PlyCount "89"]
[EventDate "2002.??.??"]
[Source "www.chesslib.no"]
[SourceDate "2004.05.04"]

1. d4 d5 2. c4 dxc4 3. e3 e6 4. Bxc4 Nf6 5. Nf3 c5 6. O-O a6 7. Qe2 b5 8. Bd3 Nbd7 9. a4 b4 10. Nbd2 Bb7 11. Nc4 Qc7 12. Bd2 Be7 13. Rfc1 O-O 14. a5 Be4 15. Bxe4 Nxe4 16. Be1 Qb7 17. Nfe5 Nef6 18. Qf3 Qxf3 19. gxf3 Nxe5 20. dxe5 Nd5 21. Nd6 f6 22. f4 fxe5 23. fxe5 Bxd6 24. exd6 Rad8 25. Rxc5 Rxd6 26. Rac1 b3 27. Rc6 Rfd8 28. Rxd6 Rxd6 29. Rc8+ Kf7 30. Rb8 e5 31. Rxb3 Rc6 32. Kf1 e4 33. Rb7+ Rc7 34. Rb8 h5 35. Ra8 Rc6 36. Ra7+ Kg6 37. Rd7 Nf6 38. Rb7 Rc2 39. h3 Nd5 40. Rd7 Nf6 41. Rd6 Rxb2 42. Bc3 Rc2 43. Bd4 Kf5 44. Rxa6 Nh7 45. Bxg7 1-0

[Event "Armed Forces Ch"]
[Site "Sverdlovsk"]
[Date "1987.??.??"]
[Round "?"]
[White "Lputian, Smbat G"]
[Black "Vladimirov, Evgeny Y"]
[Result "0-1"]
[WhiteElo "2500"]
[BlackElo "2525"]
[PlyCount "46"]
[EventDate "1987.??.??"]
[Source "www.chesslib.no"]
[SourceDate "2004.05.04"]

1. d4 d5 2. Nf3 Nf6 3. c4 dxc4 4. e3 a6 5. Bxc4 e6 6. O-O c5 7. Qe2 b5 8. Bd3 cxd4 9. Rd1 Nbd7 10. exd4 Bb7 11. Nbd2 Bd6 12. a4 bxa4 13. Nc4 Bf8 14. Rxa4 Nb6 15. Nxb6 Qxb6 16. Be3 Bd6 17. Ne1 Be7 18. Rc1 e5 19. Bd2 Rd8 20. Bb5+ Bc6 21. Rb4 Qa5 22. Ra4 Bf8 23. f3 Ng4 0-1

[Event "Sverdlovsk"]
[Site "Sverdlovsk"]
[Date "1987.??.??"]
[Round "?"]
[White "Lputian, Smbat G"]
[Black "Vladimirov, Evgeny Y"]
[Result "0-1"]
[WhiteElo "2500"]
[BlackElo "2525"]
[PlyCount "98"]
[EventDate "1987.??.??"]
[Source "www.chesslib.no"]
[SourceDate "2004.05.04"]

1. d4 d5 2. Nf3 Nf6 3. c4 dxc4 4. e3 a6 5. Bxc4 e6 6. O-O c5 7. Qe2 b5 8. Bd3 cxd4 9. Rd1 Nbd7 10. exd4 Bb7 11. Nbd2 Bd6 12. a4 bxa4 13. Nc4 Be7 14. Rxa4 Nb6 15. Nxb6 Qxb6 16. Be3 Nd5 17. Ne5 Bf6 18. Rc1 Nxe3 19. Qxe3 Rd8 20. Qd2 Qd6 21. Rb4 Bd5 22. Ra4 Bxe5 23. dxe5 Qxe5 24. Qe2 Qg5 25. f4 Qxg2+ 26. Qxg2 Bxg2 27. Kxg2 Rxd3 28. Rc8+ Rd8 29. Rxd8+ Kxd8 30. Rxa6 Ke7 31. Ra7+ Kf6 32. Rb7 Rc8 33. b4 Rc3 34. b5 Rb3 35. b6 h5 36. h4 Kg6 37. Kf2 f6 38. Kg2 Kf5 39. Rxg7 Rxb6 40. Rh7 Kxf4 41. Rxh5 e5 42. Rh8 f5 43. h5 Kg5 44. Kf3 e4+ 45. Ke3 Rb3+ 46. Kd4 Kf4 47. h6 Rh3 48. h7 Rh6 49. Kd5 Ke3 0-1

[Event "It (open)"]
[Site "?"]
[Date "2005.07.08"]
[Round "5"]
[White "Mirzoev Azer"]
[Black "Borges Mateos Juan"]
[Result "1/2-1/2"]
[WhiteElo "2550"]
[BlackElo "2467"]
[PlyCount "93"]
[EventDate "2005.??.??"]
[Source "www.chesslib.no"]
[SourceDate "2004.05.04"]

1. d4 d5 2. c4 dxc4 3. e3 Nf6 4. Bxc4 e6 5. Nf3 a6 6. O-O c5 7. Qe2 b5 8. Bd3 Bb7 9. dxc5 Nc6 10. Rd1 Qc7 11. a4 b4 12. Nbd2 Bxc5 13. Nb3 Bb6 14. Bd2 O-O 15. Rdc1 a5 16. Be1 Rfd8 17. Bb5 Qd6 18. Nbd2 Bc7 19. Nc4 Qd5 20. Ncd2 Qd6 21. Nf1 Ne5 22. Nxe5 Qxe5 23. f3 Bb6 24. Bg3 Qg5 25. Bc7 Bxc7 26. Rxc7 Rab8 27. Rac1 Nd5 28. R7c5 h6 29. Qf2 Qf6 30. R1c2 Rbc8 31. Rxc8 Bxc8 32. g3 b3 33. Rd2 Nb4 34. Rxd8+ Qxd8 35. Bc4 Ba6 36. Qd2 Qa8 37. Bxa6 Qxa6 38. e4 Kh7 39. Kf2 Qc6 40. Qc3 Qb6+ 41. Kg2 Qa6 42. Kf2 Qb6+ 43. Kg2 Nc6 44. Nd2 Nd4 45. Nc4 Qc5 46. Nd2 Qb6 47. Nc4 1/2-1/2

[Event "II Open ROMGAZ"]
[Site "Bucarest ROM"]
[Date "2008.09.15"]
[Round "5"]
[White "Neverov, V."]
[Black "Soltanici, R."]
[Result "1-0"]
[WhiteElo "2573"]
[BlackElo "2421"]
[PlyCount "67"]
[EventDate "2008.09.11"]
[Source "www.chesslib.no"]
[SourceDate "2004.05.04"]

1. d4 d5 2. c4 dxc4 3. Nf3 Nf6 4. e3 e6 5. Bxc4 c5 6. O-O a6 7. Qe2 b5 8. Bd3 cxd4 9. exd4 Be7 10. a4 bxa4 11. Bg5 Bb7 12. Rxa4 O-O 13. Nc3 Nc6 14. Rd1 a5 15. Bxf6 Bxf6 16. d5 exd5 17. Nxd5 g6 18. Bb5 Na7 19. Bc4 Nc6 20. Ra3 Bg7 21. Re3 Kh8 22. h4 h6 23. h5 g5 24. Ne7 Qc7 25. Nf5 Rad8 26. Rxd8 Qxd8 27. Bxf7 Qf6 28. Bg6 Bc8 29. Nxg7 Kxg7 30. Re4 Kh8 31. Ne5 Ba6 32. Qe3 Nxe5 33. Rxe5 Bc4 34. Rf5 1-0

[Event "JUG Team Ch"]
[Site "Zlatibor"]
[Date "1989.??.??"]
[Round "?"]
[White "Raicevic, Vladimir"]
[Black "Damljanovic, Branko"]
[Result "1/2-1/2"]
[WhiteElo "2450"]
[BlackElo "2530"]
[PlyCount "21"]
[EventDate "1989.??.??"]
[Source "www.chesslib.no"]
[SourceDate "2004.05.04"]

1. d4 d5 2. Nf3 Nf6 3. c4 dxc4 4. e3 e6 5. Bxc4 c5 6. O-O a6 7. Qe2 b5 8. Bd3 Bb7 9. Rd1 Nbd7 10. a4 b4 11. Nbd2 1/2-1/2

[Event "Dortmund-B"]
[Site "Dortmund"]
[Date "1990.??.??"]
[Round "?"]
[White "Skembris, Spyridon"]
[Black "Lazic, Miroljub"]
[Result "1/2-1/2"]
[WhiteElo "2470"]
[BlackElo "2495"]
[PlyCount "39"]
[EventDate "1990.04.??"]
[Source "ChessBase"]

1. d4 d5 2. Nf3 Nf6 3. c4 dxc4 4. e3 e6 5. Bxc4 a6 6. O-O c5 7. Qe2 b5 8. Bb3 cxd4 9. Rd1 Bb7 10. a4 b4 11. a5 Nbd7 12. exd4 Be7 13. Ne5 O-O 14. Nd2 Nd5 15. Ndc4 N7f6 16. Rd3 Nc7 17. Nb6 Rb8 18. Ba4 Nb5 19. Bg5 Nd5 20. Bxe7 1/2-1/2

[Event "Mind Sports Games - Blitz Team"]
[Site "Pechino CINA"]
[Date "2008.10.13"]
[Round "6"]
[White "Kakageldyev, A."]
[Black "Rasmussen, A."]
[Result "1-0"]
[WhiteElo "2449"]
[BlackElo "2513"]
[PlyCount "79"]
[EventDate "2008.10.13"]
[Source "www.chesslib.no"]
[SourceDate "2004.05.04"]

1. d4 d5 2. c4 dxc4 3. Nf3 Nf6 4. e3 e6 5. Bxc4 c5 6. O-O a6 7. Qe2 b5 8. Bd3 Nc6 9. Rd1 c4 10. Bc2 Nb4 11. e4 Bb7 12. Nc3 Nxc2 13. Qxc2 b4 14. e5 bxc3 15. exf6 gxf6 16. Qxc3 Rg8 17. Bf4 Bb4 18. Qe3 Qd5 19. Bg3 Ke7 20. Qf4 Rac8 21. Qh4 Rg6 22. Qxh7 Rcg8 23. Qh3 Bd6 24. Re1 Bxg3 25. hxg3 R6g7 26. Nh4 Kd7 27. Rac1 Rh7 28. Rc3 f5 29. Rec1 Rc8 30. g4 fxg4 31. Qg3 Qg5 32. Nf3 Qd5 33. Ne5+ Ke7 34. Rxc4 Rxc4 35. Rxc4 Kd8 36. Qxg4 Rh8 37. Qg7 Re8 38. Nxf7+ Ke7 39. Ne5+ Kd6 40. Qd7# 1-0

[Event "Bad Wildbad"]
[Site "Bad Wildbad"]
[Date "1990.??.??"]
[Round "8"]
[White "Taimanov, Mark E"]
[Black "Schlosser, Philipp"]
[Result "1-0"]
[WhiteElo "2505"]
[BlackElo "2455"]
[PlyCount "83"]
[EventDate "1990.11.??"]
[Source "ChessBase"]

1. d4 d5 2. c4 dxc4 3. Nf3 e6 4. e3 Nf6 5. Bxc4 c5 6. O-O a6 7. Qe2 b5 8. Bd3 Bb7 9. dxc5 Nc6 10. Rd1 Qc7 11. a4 b4 12. Nbd2 Bxc5 13. Nb3 Bd6 14. Bd2 O-O 15. Rac1 Rfd8 16. e4 Nd7 17. Bg5 Rdc8 18. Be3 Bf8 19. h3 h6 20. a5 Qd8 21. Bb1 Qe8 22. Nfd2 Nce5 23. f4 Ng6 24. Nc4 Nc5 25. Nxc5 Bxc5 26. Kh2 Qe7 27. Nb6 Bxe3 28. Rxc8+ Rxc8 29. Qxe3 Rd8 30. Rxd8+ Qxd8 31. e5 Nh4 32. Qd3 Qxd3 33. Bxd3 Kf8 34. Nd7+ Ke7 35. Nc5 Bxg2 36. Kg3 g5 37. Nxa6 b3 38. Nc5 Bd5 39. a6 Kd8 40. a7 Nf5+ 41. Bxf5 exf5 42. Nxb3 1-0

[Event "JUG Ch"]
[Site "JUG"]
[Date "1988.??.??"]
[Round "?"]
[White "Lalic, Bogdan"]
[Black "Drasko, Milan"]
[Result "1/2-1/2"]
[WhiteElo "2495"]
[BlackElo "2465"]
[PlyCount "30"]
[EventDate "1988.02.??"]
[Source "www.chesslib.no"]
[SourceDate "2004.05.04"]

1. d4 d5 2. c4 dxc4 3. Nf3 Nf6 4. e3 e6 5. Bxc4 c5 6. O-O a6 7. Qe2 b5 8. Bd3 cxd4 9. exd4 Bb7 10. Rd1 Nbd7 11. a4 bxa4 12. Bc2 Qc7 13. Bxa4 Bd6 14. Bxd7+ Nxd7 15. h3 O-O 1/2-1/2

[Event "Capablanca mem"]
[Site "Matanzas"]
[Date "1995.??.??"]
[Round "9"]
[White "Nogueiras, Jesus"]
[Black "Borges Mateos, Juan"]
[Result "1/2-1/2"]
[WhiteElo "2550"]
[BlackElo "2400"]
[PlyCount "49"]
[EventDate "1995.05.??"]
[Source "ChessBase"]

1. d4 d5 2. c4 dxc4 3. e3 Nf6 4. Bxc4 e6 5. Nf3 c5 6. O-O a6 7. Qe2 b5 8. Bb3 Nbd7 9. a4 Bb7 10. axb5 axb5 11. Rxa8 Qxa8 12. Nc3 b4 13. Nb5 Qb8 14. e4 cxd4 15. Nbxd4 Bc5 16. Bxe6 O-O 17. Bxd7 Nxd7 18. Nb3 Be7 19. Nfd4 Re8 20. Nf5 Bf8 21. f3 Qc8 22. Qf2 Ba6 23. Rd1 Ne5 24. Be3 Qc4 25. Nfd4 1/2-1/2

[Event "Copa Itau Mercosul"]
[Site "Sao Paulo"]
[Date "1997.10.22"]
[Round "4"]
[White "Szmetan, Jorge"]
[Black "Slipak, Sergio"]
[Result "0-1"]
[WhiteElo "2430"]
[BlackElo "2515"]
[PlyCount "74"]
[EventDate "1997.10.19"]
[Source "www.chesslib.no"]
[SourceDate "2004.05.04"]

1. Nf3 d5 2. c4 dxc4 3. e3 Nf6 4. Bxc4 e6 5. d4 c5 6. O-O a6 7. Qe2 b5 8. Bd3 cxd4 9. exd4 Nc6 10. a4 bxa4 11. Nc3 Nb4 12. Bb1 Be7 13. Bg5 Nfd5 14. Ne4 O-O 15. Bxe7 Qxe7 16. Ne5 Bb7 17. Rxa4 f5 18. Nc3 Nf4 19. Qe3 Nxg2 20. Qg3 Nd5 21. Nxd5 Bxd5 22. Ba2 f4 23. Qg4 Bxa2 24. Rxa2 f3 25. Nxf3 Nf4 26. Ne5 Rf5 27. Kh1 Raf8 28. b3 Rg5 29. Qf3 Rh5 30. Rxa6 Rh3 31. Qg4 h5 32. Qg1 Qb7+ 33. Rc6 Rf5 34. Rfc1 Rxe5 35. dxe5 Qxb3 36. Qd1 Rxh2+ 37. Kg1 Rh1+ 0-1

[Event "Bern op"]
[Site "Bern"]
[Date "1996.??.??"]
[Round "3"]
[White "Polak, Tomas"]
[Black "Mikhalchishin, Adrian"]
[Result "1/2-1/2"]
[WhiteElo "2440"]
[BlackElo "2505"]
[PlyCount "41"]
[EventDate "1996.02.??"]
[Source "ChessBase"]

1. d4 d5 2. c4 dxc4 3. e3 e6 4. Bxc4 c5 5. Nf3 a6 6. O-O Nf6 7. Qe2 b5 8. Bd3 cxd4 9. exd4 Be7 10. a4 bxa4 11. Rxa4 O-O 12. Nc3 Bb7 13. Bg5 a5 14. Rfa1 Nc6 15. Ne4 Nb4 16. Nxf6+ Bxf6 17. Bxf6 gxf6 18. Be4 Bxe4 19. Qxe4 Nd5 20. R4a3 Rb8 21. Nd2 1/2-1/2

[Event "Voronezh op 6th"]
[Site "Voronezh"]
[Date "2002.06.20"]
[Round "8"]
[White "Kruppa, Yuri"]
[Black "Feoktistov, Alexey A"]
[Result "1-0"]
[WhiteElo "2542"]
[BlackElo "2401"]
[PlyCount "59"]
[EventDate "2002.06.12"]
[Source "ChessBase"]
[SourceDate "2002.07.08"]

1. d4 d5 2. c4 dxc4 3. Nf3 Nf6 4. e3 a6 5. Bxc4 e6 6. Qe2 c5 7. O-O b5 8. Bd3 Bb7 9. dxc5 Nc6 10. a3 Bxc5 11. b4 Be7 12. Bb2 O-O 13. Nbd2 Qb6 14. Rac1 h6 15. e4 Rfd8 16. e5 Nh5 17. Bb1 a5 18. Qe4 g6 19. Qg4 Nb8 20. Bd4 Qa6 21. Bxg6 fxg6 22. Qxg6+ Ng7 23. Be3 Kh8 24. Qxh6+ Kg8 25. Qg6 Kh8 26. Bg5 Nc6 27. Bf6 Bxf6 28. exf6 Rd7 29. Ng5 Nf5 30. f7 1-0

[Event "Vienna op"]
[Site "Vienna"]
[Date "1986.??.??"]
[Round "?"]
[White "Gheorghiu, Florin"]
[Black "Wittmann, Walter"]
[Result "1-0"]
[WhiteElo "2525"]
[BlackElo "2410"]
[PlyCount "55"]
[EventDate "1986.01.??"]
[Source "ChessBase"]

1. d4 d5 2. c4 dxc4 3. Nf3 a6 4. e3 Nf6 5. Bxc4 e6 6. Qe2 c5 7. O-O b5 8. Bd3 cxd4 9. Nxd4 Bb7 10. Rd1 Qc7 11. a4 b4 12. Nd2 Nc6 13. Nxc6 Qxc6 14. f3 Bc5 15. Nc4 O-O 16. Kh1 Qc7 17. e4 e5 18. a5 Nh5 19. Be3 Nf4 20. Qf2 Rfd8 21. Bf1 Ne6 22. Bxc5 Nxc5 23. Nb6 Rxd1 24. Rxd1 Rb8 25. Rc1 Nxe4 26. Rxc7 Nxf2+ 27. Kg1 Nd1 28. Nd7 1-0

[Event "Tel Aviv ASA"]
[Site "Tel Aviv"]
[Date "1994.??.??"]
[Round "4"]
[White "Manor, Ilan"]
[Black "Lev, Ronen"]
[Result "0-1"]
[WhiteElo "2460"]
[BlackElo "2475"]
[PlyCount "72"]
[EventDate "1994.04.??"]
[Source "ChessBase"]

1. d4 d5 2. c4 dxc4 3. Nf3 c5 4. e3 Nf6 5. Bxc4 e6 6. O-O a6 7. Qe2 b5 8. Bd3 Nc6 9. a4 bxa4 10. Nc3 a3 11. Rd1 cxd4 12. exd4 axb2 13. Bxb2 Be7 14. d5 exd5 15. Bb5 Bb7 16. Bxc6+ Bxc6 17. Nd4 Bd7 18. Re1 Kf8 19. Qe5 Bb4 20. Nxd5 Nxd5 21. Qxd5 Bxe1 22. Rxe1 h5 23. Nf3 Be8 24. Qe5 f6 25. Qf4 Kg8 26. Nd4 Rb8 27. Bc3 Rc8 28. Ne6 Qe7 29. Bb4 Qf7 30. h4 Bb5 31. Nd4 Rc4 32. Re7 Qg6 33. Bd2 Kh7 34. Qe3 Rd8 35. Ne6 Qb1+ 36. Kh2 Rxh4+ 0-1

[Event "BL 0607 Werder Bremen - SC Remagen"]
[Site "Germania"]
[Date "2007.03.17"]
[Round "12.8"]
[White "Fish, Gennadij"]
[Black "Schulz, Klaus-Juergen"]
[Result "1-0"]
[WhiteElo "2529"]
[BlackElo "2393"]
[PlyCount "67"]
[EventDate "2006.10.28"]
[Source "www.chesslib.no"]
[SourceDate "2004.05.04"]

1. d4 d5 2. c4 dxc4 3. e3 Nf6 4. Bxc4 e6 5. Nf3 c5 6. O-O a6 7. Qe2 b5 8. Bd3 Nc6 9. a4 bxa4 10. Rxa4 Nb4 11. Bb5+ Bd7 12. Bxd7+ Qxd7 13. Nc3 cxd4 14. exd4 Be7 15. Bg5 O-O 16. Bxf6 gxf6 17. Ra5 Rfd8 18. Rh5 Qb7 19. Rd1 Bf8 20. d5 Nxd5 21. Nxd5 Rxd5 22. Rdxd5 exd5 23. Nd4 Qc8 24. g3 Rb8 25. b3 Qd7 26. Qxa6 Qg4 27. Rh4 Qg6 28. Qc6 Rd8 29. Rf4 Bh6 30. Nf5 Bf8 31. Qc7 Ra8 32. Qd7 Ra1+ 33. Kg2 Rd1 34. Rg4 1-0

[Event "Memorial Rey Ardid. IberCaja 2004"]
[Site "Zaragoza"]
[Date "2004.04.13"]
[Round "4.2"]
[White "Paunovic, Dragan"]
[Black "Ivanov, Jordan"]
[Result "1-0"]
[WhiteElo "2512"]
[BlackElo "2406"]
[PlyCount "73"]
[EventDate "2004.04.11"]
[Source "Roberto Alvarez"]
[SourceDate "2004.05.03"]

1. d4 d5 2. Nf3 Nf6 3. c4 dxc4 4. e3 e6 5. Bxc4 c5 6. O-O a6 7. Qe2 b5 8. Bd3 Nc6 9. dxc5 Bxc5 10. a3 Bd6 11. Nc3 O-O 12. Rd1 Bb7 13. e4 Qb8 14. h3 Ne5 15. Bg5 Nfd7 16. Bc2 Nxf3+ 17. Qxf3 h6 18. Be3 Ne5 19. Qh5 Ng6 20. e5 Bxe5 21. Bxh6 Bf4 22. Bxf4 Qxf4 23. Re1 Rad8 24. Rad1 Rd2 25. Rxd2 Qxd2 26. Qd1 Qg5 27. Ne4 Bxe4 28. Bxe4 Rd8 29. Qg4 Qd2 30. Qe2 Nf4 31. Qe3 a5 32. Bf3 Rd3 33. Qxd2 Rxd2 34. Re4 Nd5 35. Re2 Rd3 36. Rc2 Rb3 37. Bd1 1-0